=LDR 00000nam 2200000 4500 =001 INLIS000000000042635 =005 20131008015434 =008 ***********************************Ind** =035 ##$$0010-101300000000557 =041 ##$$a Ind =082 ##$$a 616.462 =090 ##$$a 616.462, Mic s =100 ##$$a Michael Bryer =245 ##$$a 100 tanya jawab mengenai diabetes, Michael Bryer; penerjemah, Yasmin A. Scheiber =260 ##$$a 23 cm $b Jakarta =300 ##$$a xi, 140 hlm., ilus, 23 cm =650 ##$$a Diabetes =700 ##$$a Yasmin A. Scheiber =850 ##$$a NBPNMAT =990 ##$$a 21194796/BPAP-NTB/2014 =990 ##$$a 0001/BPAP-NTB/20142014 =990 ##$$a 0001/BPAP-NTB/2015 =990 ##$$a 0001/BPAP-NTB/2015 =990 ##$$a 0001/BPAP-NTB/2015 =990 ##$$a 0001/BPAP-NTB/2015